书目信息 |
| 题名: |
无线音视频处理、传输及其标准
|
|
| 作者: | 康晓东 , 杨海英 编著 | |
| 分册: | ||
| 出版信息: | 北京 北京工业大学出版社 2005.08 |
|
| 页数: | 288页 | |
| 开本: | 26cm | |
| 丛书名: | ||
| 单 册: | ||
| 中图分类: | TN912.2 | |
| 科图分类: | ||
| 主题词: | 音频设备--yin pin she bei--基本知识 | |
| 电子资源: | ||
| ISBN: | 7-5639-1562-1 | |
| 000 | 00899nam0 2200229 450 | |
| 001 | 012006882703 | |
| 005 | 20070611102132.81 | |
| 010 | @a7-5639-1562-1@dCNY35.00 | |
| 100 | @a20061203d2005 km y0chiy0120 ea | |
| 101 | 0 | @achi |
| 102 | @aCN@b110000 | |
| 105 | @aa z 000yy | |
| 200 | 1 | @a无线音视频处理、传输及其标准@Awu xian yin shi pin chu li、chuan shu ji qi biao zhun@f康晓东, 杨海英编著@Fkang xiao dong,yang hai ying bian zhu |
| 210 | @a北京@c北京工业大学出版社@d2005.08 | |
| 215 | @a288页@c图@d26cm | |
| 330 | @a本书在对现行数字音视频信源编码、有无线信道编码和无线传输的拓扑等方面的标准进行梳理的基础上,比较、分析中国在相关的产业链中标准的选用、开发和技术政策等问题。 | |
| 606 | 0 | @a音频设备@Ayin pin she bei@x基本知识 |
| 690 | @aTN912.2@v4 | |
| 701 | 0 | @a康晓东@Akang xiao dong@4编著 |
| 701 | 0 | @a杨海英@Ayang hai ying@4编著 |
| 801 | 0 | @aCN@c20070611 |
| 905 | @a10447@dTN912.2@eK280 | |
| 无线音视频处理、传输及其标准/康晓东, 杨海英编著.-北京:北京工业大学出版社,2005.08 |
| 288页:图;26cm |
| ISBN 7-5639-1562-1:CNY35.00 |
| 本书在对现行数字音视频信源编码、有无线信道编码和无线传输的拓扑等方面的标准进行梳理的基础上,比较、分析中国在相关的产业链中标准的选用、开发和技术政策等问题。 |
| ● |
| 相关链接 |
|
|
|
正题名:无线音视频处理、传输及其标准
索取号:TN912.2/K280
 
预约/预借
| 序号 | 登录号 | 条形码 | 馆藏地/架位号 | 状态 | 备注 |
| 1 | 229827 | 202298272 | 自科库301/301自科库 37排1列3层/ [索取号:TN912.2/K280] | 在馆 | |
| 2 | 229828 | 202298281 | 自科库301/301自科库 37排1列3层/ [索取号:TN912.2/K280] | 在馆 |